Catálogo

Vista normal Vista MARC

Entrada Personal Name

Número de registros utilizados en: 1

001 - CONTROL NUMBER

  • control field: 14576

003 - CONTROL NUMBER IDENTIFIER

  • control field: DLC

005 - DATE AND TIME OF LATEST TRANSACTION

  • control field: 20230804141916.0

008 - FIXED-LENGTH DATA ELEMENTS

  • fixed length control field: 190510n| azannaabn |a aaa

010 ## - LIBRARY OF CONGRESS CONTROL NUMBER

  • LC control number: n 2019183319

035 ## - SYSTEM CONTROL NUMBER

  • System control number: (DNLM)1819596

040 ## - CATALOGING SOURCE

  • Original cataloging agency: DNLM
  • Language of cataloging: spa
  • Description conventions: rda
  • Transcribing agency: Mx-PuUPA
  • Modifying agency: Mx-PuUPA

100 1# - HEADING--PERSONAL NAME

  • Personal name: Ortiz de la Peña Rodríguez, Jorge Alejandro,

374 ## - OCCUPATION

  • Occupation: Autor

375 ## - GENDER

  • Gender: hombre

377 ## - ASSOCIATED LANGUAGE

  • Language code: spa

400 1# - SEE FROM TRACING--PERSONAL NAME

  • Personal name: De la Peña Rodríguez, Jorge Alejandro Ortiz

400 1# - SEE FROM TRACING--PERSONAL NAME

  • Personal name: La Peña Rodríguez, Jorge Alejandro Ortiz de

400 1# - SEE FROM TRACING--PERSONAL NAME

  • Personal name: Peña Rodríguez, Jorge Alejandro Ortiz de la

400 1# - SEE FROM TRACING--PERSONAL NAME

  • Personal name: Rodríguez, Jorge Alejandro Ortiz de la Peña

670 ## - SOURCE DATA FOUND

  • Source citation: El ABC de la cirugía 2016. Esófago, estómago, duodeno, 2016:
  • Information found: title page (Jorge Alejandro Ortiz de la Peña Rodríguez, Profesor Titlular de Cirugía General, UNAM, Centro Médico ABC)